| 000 | 00567nam a22001937a 4500 | ||
|---|---|---|---|
| 999 |
_c129997 _d129997 |
||
| 008 | 191112b ||||| |||| 00| 0 eng d | ||
| 020 | _a0-415-34882-X | ||
| 050 | _aBP161.2.R53 2005 | ||
| 100 |
_aRippn, Andrew _948593 |
||
| 245 |
_aMuslims: _btheir religious beliefs and practices |
||
| 250 | _a3rd ed. | ||
| 260 |
_aLondon: _bRoutledge, _c2005. |
||
| 300 |
_axii, 371p. ; _c22cm. |
||
| 650 |
_aIslam _948594 |
||
| 650 |
_aMuslims _948595 |
||
| 650 |
_aIslam _xdoctrines _94863 |
||
| 650 |
_aIslam _xCustoms and practices _948596 |
||
| 942 |
_2lcc _cMONOGRAPH |
||